ARRUPE JESUIT UNIVERSITY

CORONAVIRUS -STOP THE SPREAD - CLEAN,DISINFECT,COVER

A do-it-at-home retreat : (Record no. 128957)

MARC details
000 -LEADER
fixed length control field 01294cam a2200325 a 4500
001 - CONTROL NUMBER
control field 3891449
003 - CONTROL NUMBER IDENTIFIER
control field ARRUPE
005 - DATE AND TIME OF LATEST TRANSACTION
control field 20190212112720.0
008 - FIXED-LENGTH DATA ELEMENTS--GENERAL INFORMATION
fixed length control field 901031s1991 cau b 000 0 eng
010 ## - LIBRARY OF CONGRESS CONTROL NUMBER
LC control number 90085500
020 ## - INTERNATIONAL STANDARD BOOK NUMBER
International Standard Book Number 0898703638 (pbk.)
040 ## - CATALOGING SOURCE
Original cataloging agency DLC
Transcribing agency DLC
Modifying agency WaU
041 1# - LANGUAGE CODE
Language code of text/sound track or separate title eng
Language code of original and/or intermediate translations of text fre
050 00 - LIBRARY OF CONGRESS CALL NUMBER
Classification number BX2179.L9
Item number R256 1991
082 00 - DEWEY DECIMAL CLASSIFICATION NUMBER
Classification number 248.3
Edition number 20
300 ## - PHYSICAL DESCRIPTION
Dimensions 21 cm.
100 1# - MAIN ENTRY--PERSONAL NAME
Personal name Ravier, André.
9 (RLIN) 44541
245 12 - TITLE STATEMENT
Title A do-it-at-home retreat :
Remainder of title the Spiritual exercises of St. Ignatius of Loyola according to the "nineteenth annotation" /
Statement of responsibility, etc André Ravier ; translated by Cornelius Michael Buckley.
260 ## - PUBLICATION, DISTRIBUTION, ETC. (IMPRINT)
Place of publication, distribution, etc San Francisco :
Name of publisher, distributor, etc Ignatius Press,
Date of publication, distribution, etc c1991.
300 ## - PHYSICAL DESCRIPTION
Extent 233 p. ;
500 ## - GENERAL NOTE
General note Translation of: En retraite chez soi.
504 ## - BIBLIOGRAPHY, ETC. NOTE
Bibliography, etc Includes bibliographical references.
600 00 - SUBJECT ADDED ENTRY--PERSONAL NAME
Personal name Ignatius,
Titles and other words associated with a name of Loyola, Saint,
Dates associated with a name 1491-1556.
Title of a work Exercitia spiritualia.
9 (RLIN) 44542
650 #0 - SUBJECT ADDED ENTRY--TOPICAL TERM
Topical term or geographic name as entry element Spiritual exercises.
General subdivision Commentaries
9 (RLIN) 22868
906 ## - LOCAL DATA ELEMENT F, LDF (RLIN)
a 7
b cbc
c orignew
d 2
e opcn
f 19
g y-gencatlg
942 ## - ADDED ENTRY ELEMENTS (KOHA)
Source of classification or shelving scheme Library of Congress Classification
Koha item type Monograph ( Printed materials)
Holdings
Withdrawn status Lost status Source of classification or shelving scheme Damaged status Not for loan Collection code Home library Current library Shelving location Date acquired Total Checkouts Full call number Barcode Date last seen Date checked out Price effective from Koha item type
    Library of Congress Classification     Main Collection ARRUPE LIBRARY ARRUPE LIBRARY Main Collection 12/02/2019 1 BX2179.L9 R256 1991 46600003711 13/01/2020 27/09/2019 12/02/2019 Monograph ( Printed materials)

 

Arrupe Library. PO Box MP320 Mt Pleasant, Harare, Zimbabwe
263 242 745411|librarian@aju.ac.zw